Az éttermi viselkedési kultúra

Bibliographic Details
Main Author: Vilhelm Dóra
Other Authors: Gundel Dr. János
Format: Thesis
Kulcsszavak:magatartás
viselkedés
kultúra
Online Access:http://dolgozattar.uni-bge.hu/4284

MARC

LEADER 00000nta a2200000 i 4500
001 dolg4284
005 20160204105250.0
008 151209suuuu hu om 000 hun d
040 |a BGE Dolgozattár Repozitórium  |b hun 
041 |a hu 
100 1 |a Vilhelm Dóra 
245 1 3 |a Az éttermi viselkedési kultúra  |c Vilhelm Dóra  |h [elektronikus dokumentum] 
695 |a magatartás 
695 |a viselkedés 
695 |a kultúra 
700 1 |a Gundel Dr. János  |e ths 
856 4 0 |u http://dolgozattar.uni-bge.hu/4284/1/Szakdolgozat.pdf  |z Dokumentum-elérés